Statistics for A Series of Unfortunate Events/All the Wrong Questions Books

Click here to take the quiz!

General Stats

  • This quiz has been taken 15 times
  • The average score is 9 of 17

Answer Stats

Hint Answer % Correct
A Series of Unfortunate EventsThe Bad Beginning
90%
A Series of Unfortunate EventsThe Wide Window
90%
A Series of Unfortunate EventsThe Reptile Room
90%
A Series of Unfortunate EventsThe End
80%
A Series of Unfortunate EventsThe Miserable Mill
70%
A Series of Unfortunate EventsThe Austere Academy
70%
A Series of Unfortunate EventsThe Grim Grotto
60%
A Series of Unfortunate EventsThe Ersatz Elevator
60%
A Series of Unfortunate EventsThe Vile Village
60%
A Series of Unfortunate EventsThe Hostile Hospital
60%
A Series of Unfortunate EventsThe Carnivorous Carnival
50%
A Series of Unfortunate EventsThe Penultimate Peril
50%
A Series of Unfortunate EventsThe Slippery Slope
50%
All The Wrong QuestionsWho Could That Be at This Hour?
20%
All The Wrong QuestionsShouldn't You Be in School?
20%
All The Wrong QuestionsWhen Did You See Her Last?
10%
All The Wrong QuestionsWhy Is This Night Different From All Other Nights?
10%

Score Distribution

Percentile by Number Answered

Percent of People with Each Score

Your Score History

You have not taken this quiz